| 000 | 00738nam a2200217Ia 4500 | ||
|---|---|---|---|
| 003 | OSt | ||
| 005 | 20200916100517.0 | ||
| 008 | 191128t2007 ck ao gr 001 0dund d | ||
| 020 | _a9789589720240 | ||
| 040 |
_aCO-JMCR _cCO-JMCR |
||
| 041 | 0 | _aspa | |
| 082 | 0 | 4 |
_a770.986 / _bD946h _223 |
| 100 | 1 |
_aDuque, Carlos, _eautor _910247 |
|
| 245 | 1 | 0 |
_aHistorias de papel / _cCarlos Duque |
| 260 |
_a[Bogotá] : _bOjo por Hoja Ediciones, _c©2007 |
||
| 300 |
_a[309] páginas : _bprincipalmente fotografías a color ; _c31 cm. |
||
| 500 | _aIncluye datos biográficos del autor en la solapa e índice de fotografías. | ||
| 650 | 1 | 4 |
_aPersonajes _xfotografías _zColombia _910248 |
| 650 | 1 | 4 |
_aFotografías colombianas _910249 |
| 942 |
_2ddc _cBK |
||
| 999 |
_c4530 _d4530 |
||